000 00814nam a22002777a 4500
001 8891
003 FISKH
005 20251030093655.0
008 251030b cb ||||| |||| 00| 0 eng d
020 _a9780545211222
040 _aFISKH
_beng
_cFISKH
_dFISKH
050 _aPZ7.C88135 C
082 _a400
100 _aCronin, Doreen
245 _aClick, clack, quackity-quack /
_cby Doreen Cronin and Betsy Lewin
260 _aNew York :
_bScholastic,
_c2005.
300 _a40 pages :
_bcolor illustrations ;
_c23 cm
505 _aE
520 _aAn assortment of animals gathers for a picnic.
521 8 _a280
_bLexile estimate
521 8 _aE
_bRaz-Plus
650 _aAlphabet book
_vAnimal fiction
_xAnimals
700 _aLewin, Betsy
_eAuthor
942 _2ddc
_cBK
_n0
999 _c8891
_d8891